Related party transactions under the Companies Act, 2013/ (Record no. 191974)

MARC details
000 -LEADER
fixed length control field 00615nam a22001817a 4500
005 - DATE AND TIME OF LATEST TRANSACTION
control field 20231110165720.0
010 ## - LCCN (DPL NO)
LC control number ENG-134970
020 ## - INTERNATIONAL STANDARD BOOK NUMBER
International Standard Book Number 9789388548823
Terms of availability 1200.00
035 ## - SYSTEM CONTROL NUMBER
System control number EN-118502
037 ## - SOURCE OF ACQUISITION
Source of stock number/acquisition DBAD/PUB
082 ## - DEWEY DECIMAL CLASSIFICATION NUMBER
Classification number 346.5407
100 ## - MAIN ENTRY--PERSONAL NAME
Personal name K.S. Ravichandran
245 ## - TITLE STATEMENT
Title Related party transactions under the Companies Act, 2013/
Statement of responsibility, etc K.S. Ravichandran
260 ## - PUBLICATION, DISTRIBUTION, ETC. (IMPRINT)
Place of publication, distribution, etc Haryana
Name of publisher, distributor, etc Lexis Nexis'
Date of publication, distribution, etc 2020
270 ## - ADDRESS
Address 14th floor, building NO.10, Tower-B, DLF cyber city, Phase-II, Gurgaon
City Haryana
Postal code 122002
300 ## - PHYSICAL DESCRIPTION
Extent xliii,835p.
Dimensions 24cm(hb)
Other physical details index
942 ## - ADDED ENTRY ELEMENTS (KOHA)
Source of classification or shelving scheme Dewey Decimal Classification
Item type English Books
Classification part 346.5407
Call number suffix RAV
Holdings
Withdrawn status Lost status Not for loan Collection code Home library Current library Date acquired Source of acquisition Cost, normal purchase price Full call number Barcode Copy number Cost, replacement price Koha item type
      Non-fiction Bawana Bawana 08/09/2022 DBAD/PUB 1200.00 346.5407 RAV EN-118502 1 1200.00 English Books

© Delhi Public Library
Hit Counter
free hit counter